Rywale reprezentacji Polski 1926 - Statystyki

Ogólne statystyki
  • Ten quiz został rozwiązany 7 razy
  • Średni wynik to 6 z 7
Statystyki odpowiedzi
RM WM ZM PM BZ BS RB Reprezentacja % Poprawnych
1 1 0 0 7 1 6 Finlandia
100%
1 1 0 0 4 3 1 Norwegia
100%
1 0 0 1 1 3 -2 Szwecja
100%
1 0 0 1 1 4 -3 Węgry
100%
1 0 0 1 1 2 -1 Czechosłowacja
86%
1 1 0 0 6 1 5 Turcja
86%
1 1 0 0 2 0 2 Estonia
71%
Nie znaleziono quizów pasujących do podanych kryteriów
Rozkład punktacji
Procent ludzi z każdym wynikiem
Percentyl według liczby udzielonych odpowiedzi
Twoja historia wyników
Nie rozwiązałeś tego quizu